| LEADER 00000nam 2200000uu 4500 |
| 001 211536 |
| 003 ULIBM |
| 008 170420s||||||||th 000 0 tha d |
| 020 ^a9786169203575
|
| 060 04 ^aWO100^bศ338 ล.54 2559
|
| 245 00 ^aศัลยศาสตร์วิวัฒน์ 54 :^bDealing with colorectal siseases 2016 /^cบรรณาธิการ, ต้นคงเป็นสุข, บุญชัย งามสิริมาศ, ธีรนุช บุญพิพัฒนาพงศ์,วรุตม์ โล่ห์สิริวัฒน์.
|
| 246 31 ^aDealing with colorectal siseases 2016
|
| 250 ^aพิมพ์ครั้งที่ 1
|
| 260 ^aกรุงเทพฯ :^bกรุงเทพเวชสาร,^c2559, [2016]
|
| 300 ^aก-ฌ, 491 หน้า :^bภาพประกอบ ;^c22 ซม.
|
| 650 4 ^aศัลยกรรม
|
| 650 4 ^aศัลยศาสตร์
|
| 650 4 ^aศัลยศาสตร์^xการดูแลรักษา
|
| 653 ^aผลงานอาจารย์คณะแพทยศาสตร์ศิริราชพยาบาล
|
| 700 0 ^aทวีศักดิ์ จิตตวัฒนรัตน์,^eบรรณาธิการ
|
| 700 0 ^aปณต ยิ้มเจริญ,^eบรรณาธิการ
|
| 700 0 ^aปวัน จันท์แสนโรจน์,^eบรรณาธิการ
|
| 700 0 ^aวิทูร ชินสว่างวัฒนกุล,^eบรรณาธิการ
|
| 700 0 ^aสุขไชย สาทถาพร,^eบรรณาธิการ
|
| 700 0 ^aสุรศักดิ์ สังขทัต ณ อยุธยา,^eบรรณาธิการ
|
| 856 ^zศัลยศาสตร์วิวัฒน์ 54 .pdf (สารบัญหนังสือ)^uhttp://110.164.94.213/ULIB62015//_fulltext/5/211536/20170517070444_4959.pdf |
| 999 ^aใช้งานได้ทุกระบบ
|